Технология конструкционных материалов: учебное пособие

Opis bibliograficzny
Kolejni autorzy: Схиртладзе А. Г. Александр Георгиевич, Моисеев В. Б. Василий Борисович, Скрябин В. А. Владимир Александрович, Борискин В. П. Владимир Петрович
Streszczenie:Учебное пособие «Технологии конструкционных материалов» посвящено формированию инженерного мировоззрения студентов по вопросам: производства чугуна, стали, цветных металлов; технологии формообразования отливок; получения машиностроительных профилей и поковок; технологии сварочного производства; обработки заготовок на металлорежущих станках; электрофизическим и электрохимическим методам обработки; изготовлению деталей из композиционных материалов.
Język:rosyjski
Wydane: Старый Оскол, ТНТ, 2007
Wydanie:2-е изд., стер.
Hasła przedmiotowe:
Format: MixedMaterials Książka
KOHA link:https://koha.lib.tpu.ru/cgi-bin/koha/opac-detail.pl?biblionumber=132522

MARC

LEADER 00000nam0a2200000 4500
001 132522
005 20231101220354.0
010 |a 5941781113 
035 |a (RuTPU)RU\TPU\book\143493 
090 |a 132522 
100 |a 20080304d2007 m y0rusy50 ca 
101 0 |a rus 
102 |a RU 
105 |a a j 001zy 
200 1 |a Технология конструкционных материалов  |e учебное пособие  |f А. Г. Схиртладзе [и др.] 
205 |a 2-е изд., стер. 
210 |a Старый Оскол  |c ТНТ  |d 2007 
215 |a 360 с.  |c ил. 
320 |a Словарь терминов: с. 350-358. 
320 |a Литература: с. 359. 
330 |a Учебное пособие «Технологии конструкционных материалов» посвящено формированию инженерного мировоззрения студентов по вопросам: производства чугуна, стали, цветных металлов; технологии формообразования отливок; получения машиностроительных профилей и поковок; технологии сварочного производства; обработки заготовок на металлорежущих станках; электрофизическим и электрохимическим методам обработки; изготовлению деталей из композиционных материалов. 
606 1 |a Конструкционные металлы  |x Технология  |2 stltpush  |3 (RuTPU)RU\TPU\subj\58933  |9 76615 
610 1 |a конструкционные материалы 
610 1 |a строение 
610 1 |a металлы 
610 1 |a сплавы 
610 1 |a металлургические производства 
610 1 |a продукция 
610 1 |a чугун 
610 1 |a стали 
610 1 |a цветные металлы 
610 1 |a отливки 
610 1 |a формообразование 
610 1 |a технология 
610 1 |a изготовление 
610 1 |a песчаные формы 
610 1 |a литье 
610 1 |a специальные методы 
610 1 |a обработка давлением 
610 1 |a машиностроительные профили 
610 1 |a поковки 
610 1 |a штамповка 
610 1 |a сварочное производство 
610 1 |a дуговая сварка 
610 1 |a электрошлаковая сварка 
610 1 |a контактная сварка 
610 1 |a сварка трением 
610 1 |a ультразвуковая сварка 
610 1 |a холодная сварка 
610 1 |a обработка резанием 
610 1 |a металлорежущие станки 
610 1 |a заготовки 
610 1 |a зубонарезание 
610 1 |a производство 
610 1 |a электрофизические методы 
610 1 |a электрохимические методы 
610 1 |a композиционные материалы 
610 1 |a пластмассы 
610 1 |a резание 
610 1 |a пластмассовые заготовки 
610 1 |a проектирование 
610 1 |a учебные пособия 
610 1 |a машиностроительное производство 
675 |a 669.018.29(075.8)  |v 3 
701 1 |a Схиртладзе  |b А. Г.  |g Александр Георгиевич 
701 1 |a Моисеев  |b В. Б.  |g Василий Борисович 
701 1 |a Скрябин  |b В. А.  |g Владимир Александрович 
701 1 |a Борискин  |b В. П.  |g Владимир Петрович 
801 1 |a RU  |b 63413507  |c 20080304  |g PSBO 
801 2 |a RU  |b 63413507  |c 20210608  |g PSBO 
900 |a Технология конструкционных материалов 
900 |a Конструкционные материалы 
900 |a Материаловедение и технология конструкционных материалов 
900 |a Технология сварочного производства 
900 |a Металлургия и коррозия металлов 
900 |a Обработка металлов давлением 
900 |a Резание металлов 
900 |a Резание металлов и режущий инструмент 
900 |a Основы обработки металлов давлением 
942 |c BK 
952 |b 150900  |b 151000 
959 |a 25/20080304  |d 5  |e 310,00  |f АНЛ:1  |f ЧЗТЛ:1  |f УФ:3 
959 |a 62/20080521  |d 5  |e 0  |f УФ:5